Detalles MARC
| 000 -LEADER |
| fixed length control field |
01819 am a2200553 a 4500 |
| 005 - FECHA ULTIMA MODIFICACION |
| control field |
20240625080547.0 |
| 008 - CAMPO DE CONTROL (LIBRO) |
| fixed length control field |
100629s2003||||sp a f |||| 001 0 spa d |
| 020 ## - INTERNATIONAL STANDARD BOOK NUMBER |
| ISBN |
8420537829 |
| 041 ## - CODIGO DE IDIOMA |
| Código de idioma del texto/pista de sonido o título separado |
spa |
| 092 ## - SIGNATURA TOPOGRAFICA DEWEY LOCAL |
| número de clasificación |
540 |
| libristica |
65 |
| sección |
PET |
| 100 1# - ENTRADA PRINCIPAL--NOMBRE PERSONAL |
| Nombre personal |
Petrucci, Ralph H. |
| 9 (RLIN) |
1142 |
| 245 ## - TITULO PROPIAMENTE DICHO |
| Título |
Química general. |
| Subtítulo y Título paralelo |
T.1 Enlace químico y estructura de la materia / |
| Mención de responsabilidad y remanente de la transcripción de la portada |
Ralph H. Petrucci |
| 250 ## - MENCION DE EDICION |
| Mención de edición |
8a ed. |
| Mención de responsabilidad relacionada con la ed. |
Traducción Concepción Pando G. Pumarino y Nerea Iza Cabo. |
| 260 ## - PIE DE IMPRENTA |
| Lugar de publicación, distribución, etc |
Madrid: |
| Nombre de la editorial, distribuidor, etc |
Pearson Prentice Hall; |
| Fecha de publicación |
2003. |
| 300 ## - DESCRIPCION FISICA |
| Extension |
1-577 p. |
| Dimensiones |
215 x 270 cm. |
| 500 ## - NOTA GENERAL |
| Nota general |
Petrucci, R. H., Harwood, W. H. y Herring, F. G. (2003). Química general. T.1 Enlace químico y estructura de la materia. (8a ed.). Madrid : Pearson Prentice Hall. |
| 653 ## - TÉRMINO INDIZADO - PALABRAS CLAVES |
| Palabra clave |
Propiedades de la materia y su medida |
| 653 ## - TÉRMINO INDIZADO - PALABRAS CLAVES |
| Palabra clave |
Atomos y la teoría atómica |
| 653 ## - TÉRMINO INDIZADO - PALABRAS CLAVES |
| Palabra clave |
Compuestos químicos |
| 653 ## - TÉRMINO INDIZADO - PALABRAS CLAVES |
| Palabra clave |
Reacciones químicas |
| 653 ## - TÉRMINO INDIZADO - PALABRAS CLAVES |
| Palabra clave |
Introducción a las reacciones en disolución acuosa |
| 653 ## - TÉRMINO INDIZADO - PALABRAS CLAVES |
| Palabra clave |
Gases |
| 653 ## - TÉRMINO INDIZADO - PALABRAS CLAVES |
| Palabra clave |
Termoquímica |
| 653 ## - TÉRMINO INDIZADO - PALABRAS CLAVES |
| Palabra clave |
Gases atmosféricos e hidrogeno |
| 653 ## - TÉRMINO INDIZADO - PALABRAS CLAVES |
| Palabra clave |
Electrones en los átomos |
| 653 ## - TÉRMINO INDIZADO - PALABRAS CLAVES |
| Palabra clave |
Tabla periódica y algunas propiedades atómicas |
| 653 ## - TÉRMINO INDIZADO - PALABRAS CLAVES |
| Palabra clave |
Enlace químico I: Conceptos básicos |
| 653 ## - TÉRMINO INDIZADO - PALABRAS CLAVES |
| Palabra clave |
Enlace químico II: Aspectos adicionales |
| 653 ## - TÉRMINO INDIZADO - PALABRAS CLAVES |
| Palabra clave |
Líquidos, sólidos y fuerzas intermoleculares |
| 653 ## - TÉRMINO INDIZADO - PALABRAS CLAVES |
| Palabra clave |
Disoluciones y sus propiedades físicas |
| 700 1# - ENTRADAS SECUNDARIAS - NOMBRE PERSONAL |
| Nombre personal |
Harwood, William H. |
| 9 (RLIN) |
1143 |
| 700 1# - ENTRADAS SECUNDARIAS - NOMBRE PERSONAL |
| Nombre personal |
Herring, F. Geoffrey. |
| 9 (RLIN) |
1144 |
| 930 ## - NUMERO DE INVENTARIO |
| Número de inventario |
1414 |
| 930 ## - NUMERO DE INVENTARIO |
| Número de inventario |
1415 |
| 930 ## - NUMERO DE INVENTARIO |
| Número de inventario |
1416 |
| 930 ## - NUMERO DE INVENTARIO |
| Número de inventario |
1417 |
| 930 ## - NUMERO DE INVENTARIO |
| Número de inventario |
1418 |
| 930 ## - NUMERO DE INVENTARIO |
| Número de inventario |
1419 |
| 930 ## - NUMERO DE INVENTARIO |
| Número de inventario |
1420 |
| 930 ## - NUMERO DE INVENTARIO |
| Número de inventario |
1421 |
| 930 ## - NUMERO DE INVENTARIO |
| Número de inventario |
1422 |
| 930 ## - NUMERO DE INVENTARIO |
| Número de inventario |
1423 |
| 930 ## - NUMERO DE INVENTARIO |
| Número de inventario |
1424 |
| 930 ## - NUMERO DE INVENTARIO |
| Número de inventario |
1425 |
| 930 ## - NUMERO DE INVENTARIO |
| Número de inventario |
1426 |
| 930 ## - NUMERO DE INVENTARIO |
| Número de inventario |
1427 |
| 930 ## - NUMERO DE INVENTARIO |
| Número de inventario |
1428 |
| 942 ## - ADDED ENTRY ELEMENTS (KOHA) |
| Source of classification or shelving scheme |
Dewey Decimal Classification |
| Item type |
Libros |